[Event "Michigan op-ch"]
[Site "Cadillac"]
[Date "2011.09.02"]
[Round "1"]
[White "Aldrich, Jeff"]
[Black "Palmer, Tony"]
[Result "1-0"]
[WhiteElo "1919"]
[BlackElo "2126"]
[PlyCount "73"]
[EventDate "2011.09.02"]
[EventType "swiss"]
[EventRounds "7"]
[EventCountry "USA"]
[SourceTitle "EXT 2015"]
[Source "ChessBase"]
[SourceDate "2014.11.20"]
[SourceVersion "1"]
[SourceVersionDate "2014.11.20"]
[SourceQuality "1"]

1. d4 Nf6 2. c4 e6 3. Nc3 Bb4 4. Qc2 0-0 5. Nf3 d6 6. Bg5 h6 7. Bh4 Nbd7 8. e3 Re8 9. Be2 b6 10. 0-0 Bxc3 11. Qxc3 Bb7 12. Rfd1 Qe7 13. Rac1 g5 14. Bg3 Ne4 15. Qc2 f5 16. Nd2 e5 17. dxe5 dxe5 18. Nxe4 Bxe4 19. Bd3 Nc5 20. Bxe4 Nxe4 21. Rd5 Qf6 22. Rcd1 a5 23. Rd7 Rac8 24. f3 Nc5 25. R7d5 Re6 26. f4 gxf4 27. exf4 e4 28. Be1 Nd3 29. Bc3 Qf7 30. R1xd3 exd3 31. Qxd3 Re4 32. Rd7 Qg6 33. Rg7+ Qxg7 34. Bxg7 Rce8 35. Bc3 R8e7 36. Qd5+ Rf7 37. h3 1-0

[Event "Lansing op"]
[Site "Lansing"]
[Date "2004.09.05"]
[Round "4"]
[White "Bale, Shawn"]
[Black "Aldrich, Jeff"]
[Result "1-0"]
[WhiteElo "1551"]
[BlackElo "1900"]
[PlyCount "65"]
[EventDate "2004.09.03"]
[EventType "swiss"]
[EventRounds "7"]
[EventCountry "USA"]
[SourceTitle "EXT 2007"]
[Source "ChessBase"]
[SourceDate "2006.11.23"]
[SourceVersion "1"]
[SourceVersionDate "2006.11.23"]
[SourceQuality "1"]

1. d4 d5 2. c4 c6 3. Nf3 Nf6 4. e3 e6 5. Nc3 Nbd7 6. Bd2 Be7 7. Qc2 0-0 8. Bd3 h6 9. 0-0 dxc4 10. Bxc4 b5 11. Be2 Bb7 12. a3 a5 13. Rfc1 Rc8 14. Qd1 Nb6 15. Bd3 b4 16. axb4 axb4 17. Ne4 c5 18. Nxf6+ Bxf6 19. Ra7 Bxf3 20. gxf3 cxd4 21. e4 Be7 22. Rxc8 Nxc8 23. Rb7 Qa5 24. Qc1 Qh5 25. Kg2 Bd6 26. Bf4 e5 27. Bd2 f5 28. Qc4+ Kh8 29. Qe6 f4 30. Bb5 Kh7 31. Bd7 Rf6 32. Qxf6 gxf6 33. Be8+ 1-0

[Event "Lansing op"]
[Site "Lansing"]
[Date "2004.09.04"]
[Round "2"]
[White "Sobh, Hassan M"]
[Black "Aldrich, Jeff"]
[Result "1/2-1/2"]
[WhiteElo "1800"]
[BlackElo "1900"]
[PlyCount "66"]
[EventDate "2004.09.03"]
[EventType "swiss"]
[EventRounds "7"]
[EventCountry "USA"]
[SourceTitle "EXT 2007"]
[Source "ChessBase"]
[SourceDate "2006.11.23"]
[SourceVersion "1"]
[SourceVersionDate "2006.11.23"]
[SourceQuality "1"]

1. f4 Nf6 2. Nf3 g6 3. e3 Bg7 4. g3 0-0 5. Bg2 d6 6. 0-0 Nbd7 7. d3 c6 8. Nbd2 Ng4 9. Nb3 f5 10. h3 Ngf6 11. Ng5 Nc5 12. Nxc5 dxc5 13. c3 Qd6 14. Qb3+ e6 15. Rd1 Rd8 16. e4 fxe4 17. Nxe4 Nxe4 18. Bxe4 Kh8 19. Kh2 e5 20. Bg2 Rb8 21. Be3 exf4 22. Bxf4 Be5 23. Bxe5+ Qxe5 24. Re1 Qf6 25. Rf1 Bf5 26. Be4 Qg5 27. Bxf5 gxf5 28. Qe6 Re8 29. Qxf5 Re2+ 30. Kh1 Qxg3 31. Qf6+ Kg8 32. Qf7+ Kh8 33. Qf6+ Kg8 1/2-1/2

[Event "Warren Decemb op"]
[Site "Warren"]
[Date "2003.12.13"]
[Round "1"]
[White "Radovnikovich, Micho"]
[Black "Aldrich, Jeff"]
[Result "0-1"]
[WhiteElo "919"]
[BlackElo "1923"]
[PlyCount "64"]
[EventDate "2003.12.13"]
[EventType "swiss (rapid)"]
[EventRounds "6"]
[EventCountry "USA"]
[SourceTitle "EXT 2008"]
[Source "ChessBase"]
[SourceDate "2007.11.25"]
[SourceVersion "1"]
[SourceVersionDate "2007.11.25"]
[SourceQuality "1"]

1. c4 Nf6 2. Nf3 c6 3. Nc3 d5 4. cxd5 cxd5 5. d4 Nc6 6. g3 Bf5 7. Nh4 Bg6 8. Bg5 e6 9. Nxg6 hxg6 10. e4 dxe4 11. Bb5 Qb6 12. Qa4 Be7 13. 0-0 a6 14. Bxf6 gxf6 15. d5 0-0 16. dxc6 axb5 17. Qxb5 Qxb5 18. Nxb5 bxc6 19. Nc3 f5 20. Rfd1 Rfb8 21. Rab1 Bf6 22. Rdc1 Bxc3 23. Rxc3 Rxa2 24. Rxc6 Rbxb2 25. Rxb2 Rxb2 26. Rc8+ Kg7 27. Kg2 e3 28. Rc1 exf2 29. Rf1 e5 30. Kf3 e4+ 31. Kf4 Kf6 32. h3 Rb3 0-1

[Event "Auburn Hills op"]
[Site "Auburn Hills"]
[Date "2003.04.27"]
[Round "5"]
[White "Aldrich, Jeff"]
[Black "Zubatch, Steven"]
[Result "1-0"]
[WhiteElo "1915"]
[BlackElo "1821"]
[PlyCount "34"]
[EventDate "2003.04.26"]
[EventType "swiss"]
[EventRounds "5"]
[EventCountry "USA"]
[SourceTitle "EXT 2007"]
[Source "ChessBase"]
[SourceDate "2006.11.23"]
[SourceVersion "1"]
[SourceVersionDate "2006.11.23"]
[SourceQuality "1"]

1. d4 Nf6 2. c4 g6 3. Nc3 Bg7 4. e4 d6 5. f3 0-0 6. Be3 Nbd7 7. Nh3 e5 8. d5 Ne8 9. Qd2 a5 10. Nf2 f5 11. g3 fxe4 12. fxe4 Nef6 13. Be2 Nc5 14. g4 Kh8 15. h4 Qe8 16. h5 Ng8 17. g5 gxh5 1-0

[Event "Flint op 03"]
[Site "Flint"]
[Date "2003.02.12"]
[Round "3"]
[White "Skidmore, Mike"]
[Black "Aldrich, Jeff"]
[Result "0-1"]
[WhiteElo "1822"]
[BlackElo "1900"]
[PlyCount "78"]
[EventDate "2003.02.12"]
[EventType "swiss (rapid)"]
[EventRounds "4"]
[EventCountry "USA"]
[SourceTitle "EXT 2009"]
[Source "ChessBase"]
[SourceDate "2008.11.26"]
[SourceVersion "1"]
[SourceVersionDate "2008.11.26"]
[SourceQuality "1"]

1. e4 c6 2. f4 d5 3. e5 Bf5 4. Nf3 e6 5. d4 c5 6. Bb5+ Nc6 7. c3 Qb6 8. Qe2 c4 9. Ba4 Bd3 10. Qf2 Qa6 11. Bc2 Na5 12. Bxd3 cxd3 13. Nbd2 Nh6 14. 0-0 b5 15. b3 Rc8 16. Bb2 b4 17. cxb4 Bxb4 18. Rfc1 0-0 19. a3 Bxd2 20. Nxd2 Nf5 21. Bc3 Rc7 22. b4 Rfc8 23. Bb2 Rxc1+ 24. Bxc1 Nc6 25. Bb2 Qb6 26. Nb3 a5 27. Nc5 axb4 28. axb4 Qxb4 29. Nxd3 Qb5 30. Nc5 h6 31. Rc1 Rb8 32. Rc2 Nb4 33. Rd2 Qc4 34. g4 Ne7 35. Ba3 Nec6 36. Bxb4 Rxb4 37. Rc2 Qxd4 38. Qxd4 Nxd4 39. Rc1 Ne2+ 0-1

[Event "Genesee County CC-ch"]
[Site "Flint"]
[Date "2002.11.20"]
[Round "5"]
[White "Aldrich, Jeff"]
[Black "Hazzard, William"]
[Result "1-0"]
[WhiteElo "1921"]
[BlackElo "1624"]
[PlyCount "53"]
[EventDate "2002.10.23"]
[EventType "swiss"]
[EventRounds "5"]
[EventCountry "USA"]
[SourceTitle "EXT 2009"]
[Source "ChessBase"]
[SourceDate "2008.11.26"]
[SourceVersion "1"]
[SourceVersionDate "2008.11.26"]
[SourceQuality "1"]

1. d4 f5 2. c4 Nf6 3. Nc3 e6 4. Nf3 Be7 5. e3 0-0 6. Qc2 Nc6 7. a3 Qe8 8. b4 Kh8 9. Bb2 Qg6 10. 0-0-0 a6 11. h3 Qe8 12. Bd3 Bxb4 13. axb4 Nxb4 14. Qb1 d5 15. g4 Nxd3+ 16. Qxd3 Ne4 17. Qc2 c6 18. Ne5 b5 19. Nxe4 dxe4 20. Rdg1 Bb7 21. gxf5 exf5 22. Qc3 Rg8 23. Rg5 Qf8 24. Rhg1 b4 25. Qxb4 g6 26. d5 Rg7 27. Qxb7 1-0

[Event "Genesee County CC-ch"]
[Site "Flint"]
[Date "2002.10.23"]
[Round "2"]
[White "Aldrich, Jeff"]
[Black "Brownfield, Jason"]
[Result "1-0"]
[WhiteElo "1921"]
[BlackElo "1072"]
[PlyCount "53"]
[EventDate "2002.10.23"]
[EventType "swiss"]
[EventRounds "5"]
[EventCountry "USA"]
[SourceTitle "EXT 2009"]
[Source "ChessBase"]
[SourceDate "2008.11.26"]
[SourceVersion "1"]
[SourceVersionDate "2008.11.26"]
[SourceQuality "1"]

1. d4 Nf6 2. c4 g6 3. Nc3 Bg7 4. e4 0-0 5. e5 Nh5 6. g4 Nf6 7. exf6 Bxf6 8. Be3 e5 9. d5 d6 10. Ne4 Bh8 11. g5 Bf5 12. Bd3 c6 13. Qf3 cxd5 14. cxd5 Qa5+ 15. Bd2 Qd8 16. Ne2 Nd7 17. N2g3 Bxe4 18. Nxe4 Qe7 19. Bb5 Nc5 20. Nf6+ Bxf6 21. gxf6 Qc7 22. Qe3 Kh8 23. Rg1 Rg8 24. Rg3 a6 25. Qh6 axb5 26. Qxh7+ Kxh7 27. Rh3# 1-0

[Event "Lansing op"]
[Site "Lansing"]
[Date "2002.09.02"]
[Round "6"]
[White "Spooner, Frank"]
[Black "Aldrich, Jeff"]
[Result "0-1"]
[WhiteElo "1729"]
[BlackElo "1907"]
[PlyCount "122"]
[EventDate "2002.08.30"]
[EventType "swiss"]
[EventRounds "7"]
[EventCountry "USA"]
[SourceTitle "EXT 2007"]
[Source "ChessBase"]
[SourceDate "2006.11.23"]
[SourceVersion "1"]
[SourceVersionDate "2006.11.23"]
[SourceQuality "1"]

1. Nf3 d5 2. e3 Nf6 3. b3 Bg4 4. Bb2 e6 5. h3 Bh5 6. Be2 c5 7. Ne5 Bxe2 8. Qxe2 a6 9. 0-0 Be7 10. d3 0-0 11. Nd2 Nbd7 12. f4 Rc8 13. Ndf3 b5 14. g4 Nxe5 15. Nxe5 Nd7 16. Qf3 c4 17. Bd4 f6 18. Nxd7 Qxd7 19. Qg3 b4 20. dxc4 dxc4 21. Rad1 Qc6 22. Qg2 Qb5 23. Qe4 Rc6 24. Rf2 Rfc8 25. bxc4 Qxc4 26. Qd3 a5 27. Qb3 Qa6 28. f5 a4 29. Qd3 Qxd3 30. cxd3 e5 31. Bb2 a3 32. Ba1 Rc2 33. Rdf1 R2c6 34. d4 Bd6 35. g5 Kf7 36. Rg2 fxg5 37. dxe5 Be7 38. f6 gxf6 39. exf6 Bc5 40. Bd4 Bxd4 41. exd4 Rxf6 42. Rd1 h6 43. Re2 Rf3 44. d5 Rxh3 45. d6 Rhc3 46. d7 Rd8 47. Rf1+ Kg6 48. Rd1 Rc7 49. Rd6+ Kf7 50. Rxh6 Rcxd7 51. Rb6 Rd1+ 52. Kg2 R8d4 53. Kf3 R1d3+ 54. Kf2 g4 55. Rb5 g3+ 56. Kg2 Rh4 57. Rf5+ Kg6 58. Rfe5 Rh2+ 59. Kg1 Rd1+ 60. Re1 Rxe1+ 61. Rxe1 Rxa2 0-1

[Event "Lansing op"]
[Site "Lansing"]
[Date "2002.09.01"]
[Round "5"]
[White "Aldrich, Jeff"]
[Black "Thomas, Henry F"]
[Result "0-1"]
[WhiteElo "1907"]
[BlackElo "1774"]
[PlyCount "72"]
[EventDate "2002.08.30"]
[EventType "swiss"]
[EventRounds "7"]
[EventCountry "USA"]
[SourceTitle "EXT 2007"]
[Source "ChessBase"]
[SourceDate "2006.11.23"]
[SourceVersion "1"]
[SourceVersionDate "2006.11.23"]
[SourceQuality "1"]

1. d4 f5 2. g3 Nf6 3. Bg2 e6 4. Nf3 Be7 5. 0-0 0-0 6. Bg5 a5 7. Nbd2 Na6 8. Re1 d5 9. Ne5 c5 10. Ndf3 cxd4 11. Nxd4 Nc5 12. c3 Nce4 13. Bxf6 Bxf6 14. Nd3 Qb6 15. e3 Bd7 16. f3 Ng5 17. Rb1 Kh8 18. h4 Nf7 19. Nf2 e5 20. Nc2 Bc6 21. Qd2 g5 22. hxg5 Nxg5 23. f4 Ne4 24. Nxe4 fxe4 25. Qf2 Rg8 26. Bh3 Bh4 27. Kh1 Rxg3 28. Qh2 exf4 29. exf4 Rag8 30. Be6 d4 31. Qxh4 e3+ 32. Kh2 Rg2+ 33. Kh3 R8g6 34. f5 Qc7 35. Qd8+ Qxd8 36. fxg6 Qg5 0-1

[Event "Lansing op"]
[Site "Lansing"]
[Date "2002.08.31"]
[Round "2"]
[White "Aldrich, Jeff"]
[Black "Skidmore, Mike"]
[Result "0-1"]
[WhiteElo "1907"]
[BlackElo "1847"]
[PlyCount "109"]
[EventDate "2002.08.30"]
[EventType "swiss"]
[EventRounds "7"]
[EventCountry "USA"]
[SourceTitle "EXT 2007"]
[Source "ChessBase"]
[SourceDate "2006.11.23"]
[SourceVersion "1"]
[SourceVersionDate "2006.11.23"]
[SourceQuality "1"]

1. d4 d5 2. c4 c6 3. Nc3 Nf6 4. Nf3 h6 5. e3 Bf5 6. cxd5 cxd5 7. Qb3 Qb6 8. Bb5+ Nc6 9. Nxd5 Nxd5 10. Qxd5 e6 11. Qb3 a6 12. Bxc6+ Qxc6 13. Bd2 Be7 14. 0-0 0-0 15. Rfc1 Qb5 16. Qxb5 axb5 17. Rc7 Bf6 18. Rxb7 Rab8 19. Rc7 b4 20. Rac1 Rfd8 21. h3 Be4 22. R1c4 Ra8 23. Bxb4 Rxa2 24. Ba3 Ra1+ 25. Rc1 Rxc1+ 26. Rxc1 Rb8 27. Kf1 Bd8 28. Nd2 Bd3+ 29. Ke1 Ba5 30. Kd1 Bg6 31. Nc4 Bd8 32. Bd6 Ra8 33. Ne5 Be4 34. f3 Bd5 35. Ba3 Bb3+ 36. Ke2 f6 37. Nd3 Kf7 38. Rc3 Ba4 39. Nc5 Bb5+ 40. Kd1 Bf1 41. Rc2 Bb5 42. Kc1 Be7 43. Ne4 Bxa3 44. bxa3 Bd3 45. Ra2 Ke7 46. a4 Bc4 47. Ra1 Bf1 48. g4 Bxh3 49. Kd1 f5 50. gxf5 Bxf5 51. Nc5 Bg6 52. Kd2 Be8 53. a5 Kd6 54. Kc3 e5 55. Ne4+ 0-1

[Event "Genesee County CC Mini Swiss 08"]
[Site "Flint"]
[Date "2002.08.07"]
[Round "2"]
[White "Aldrich, Jeff"]
[Black "Aldrich, Justin M"]
[Result "1-0"]
[WhiteElo "1907"]
[BlackElo "1610"]
[PlyCount "53"]
[EventDate "2002.08.07"]
[EventType "swiss (rapid)"]
[EventRounds "3"]
[EventCountry "USA"]
[SourceTitle "EXT 2009"]
[Source "ChessBase"]
[SourceDate "2008.11.26"]
[SourceVersion "1"]
[SourceVersionDate "2008.11.26"]
[SourceQuality "1"]

1. d4 d5 2. c4 c6 3. Nc3 Nf6 4. Nf3 Nbd7 5. e3 dxc4 6. Bxc4 Nb6 7. Bd3 Bg4 8. Qb3 e6 9. Bd2 Bd6 10. h3 Bxf3 11. gxf3 e5 12. dxe5 Bxe5 13. Bc2 Nfd5 14. 0-0-0 Nxc3 15. Bxc3 Qf6 16. Bxe5 Qxe5 17. f4 Qf6 18. Qb4 Qe7 19. Qd4 0-0 20. Rhg1 g6 21. f5 Rad8 22. f6 Qc7 23. Qh4 Nd5 24. Rxd5 Kh8 25. Qh6 Rg8 26. Rh5 gxh5 27. Qxh7# 1-0

[Event "Genesee County CC Mini Swiss 08"]
[Site "Flint"]
[Date "2002.08.07"]
[Round "3"]
[White "Aldrich, Jeff"]
[Black "Skidmore, Mike"]
[Result "1-0"]
[WhiteElo "1907"]
[BlackElo "1843"]
[PlyCount "61"]
[EventDate "2002.08.07"]
[EventType "swiss (rapid)"]
[EventRounds "3"]
[EventCountry "USA"]
[SourceTitle "EXT 2009"]
[Source "ChessBase"]
[SourceDate "2008.11.26"]
[SourceVersion "1"]
[SourceVersionDate "2008.11.26"]
[SourceQuality "1"]

1. d4 d5 2. c4 c6 3. Nc3 Nf6 4. Nf3 e6 5. Bg5 h6 6. Bh4 Be7 7. e3 Nbd7 8. Qc2 0-0 9. Rc1 b6 10. cxd5 cxd5 11. Bd3 Bb7 12. 0-0 Rc8 13. Bg3 Ne4 14. Qe2 Nxg3 15. hxg3 Nf6 16. Ne5 Nh7 17. Qh5 Nf6 18. Qf3 a6 19. Ne2 Ne4 20. Bxe4 dxe4 21. Qh5 a5 22. Nf4 Ba6 23. Rfe1 Bg5 24. Kh2 Bxf4 25. gxf4 Qd5 26. g4 Qxa2 27. Rxc8 Bxc8 28. g5 hxg5 29. fxg5 Qxb2 30. Kg3 g6 31. Qh6 1-0

[Event "Flint op 07"]
[Site "Flint"]
[Date "2002.07.27"]
[Round "2"]
[White "Aldrich, Jeff"]
[Black "Homa, Seth"]
[Result "1/2-1/2"]
[WhiteElo "1900"]
[BlackElo "1529"]
[PlyCount "60"]
[EventDate "2002.07.27"]
[EventType "swiss"]
[EventRounds "5"]
[EventCountry "USA"]
[SourceTitle "EXT 2009"]
[Source "ChessBase"]
[SourceDate "2008.11.26"]
[SourceVersion "1"]
[SourceVersionDate "2008.11.26"]
[SourceQuality "1"]

1. d4 Nf6 2. c4 e6 3. Nc3 Bb4 4. Qc2 c5 5. dxc5 Na6 6. Nf3 Nxc5 7. a3 Bxc3+ 8. Qxc3 0-0 9. e3 d5 10. h3 b6 11. b3 Bb7 12. Bb2 dxc4 13. Bxc4 Rc8 14. Rd1 Qe7 15. 0-0 Nce4 16. Qe5 Qc5 17. Kh2 Rfd8 18. Bd4 Qxe5+ 19. Nxe5 Nd6 20. f3 Nxc4 21. Nxc4 Nd5 22. e4 Ne7 23. Be5 Ba6 24. Rc1 f6 25. Bg3 e5 26. Rfe1 Bxc4 27. bxc4 Rd4 28. c5 Rxc5 29. Rxc5 bxc5 30. Rc1 Ra4 1/2-1/2

[Event "Auburn Hills op"]
[Site "Auburn Hills"]
[Date "2002.04.28"]
[Round "4"]
[White "Kriseler, Mark"]
[Black "Aldrich, Jeff"]
[Result "1-0"]
[WhiteElo "1921"]
[BlackElo "1908"]
[PlyCount "97"]
[EventDate "2002.04.26"]
[EventType "swiss"]
[EventRounds "5"]
[EventCountry "USA"]
[SourceTitle "EXT 2007"]
[Source "ChessBase"]
[SourceDate "2006.11.23"]
[SourceVersion "1"]
[SourceVersionDate "2006.11.23"]
[SourceQuality "1"]

1. e3 d5 2. b3 Nf6 3. Bb2 Bf5 4. f4 e6 5. Nf3 Nbd7 6. Nc3 Be7 7. Qe2 a6 8. d3 c6 9. 0-0-0 Qc7 10. h3 Nb6 11. g4 Bg6 12. Qg2 0-0-0 13. Be2 Ne8 14. h4 f6 15. h5 Bf7 16. g5 g6 17. hxg6 Bxg6 18. Nd4 Ng7 19. Qh3 fxg5 20. Nxe6 Nxe6 21. Qxe6+ Kb8 22. fxg5 Rhe8 23. Qg4 c5 24. e4 c4 25. dxc4 dxc4 26. Rxd8+ Rxd8 27. Rd1 Rxd1+ 28. Bxd1 Qe5 29. Kb1 Qxg5 30. Qe6 cxb3 31. Qxb6 bxc2+ 32. Bxc2 Bc5 33. Qe6 Qg1+ 34. Nd1 h5 35. Be5+ Ka7 36. Qd5 h4 37. Qd8 Bd6 38. Qxd6 Qb6+ 39. Qxb6+ Kxb6 40. Bf6 h3 41. Nf2 h2 42. Be5 Kc5 43. Bxh2 Kd4 44. e5 Be8 45. Kb2 b5 46. Ng4 Kc5 47. Nf6 Bc6 48. Bg1+ Kb4 49. Be4 1-0

[Event "Flint op 02"]
[Site "Flint"]
[Date "2002.02.06"]
[Round "1"]
[White "Aldrich, Jeff"]
[Black "Ghobrial, Ameer S"]
[Result "0-1"]
[WhiteElo "1923"]
[BlackElo "2115"]
[PlyCount "62"]
[EventDate "2002.02.06"]
[EventType "swiss"]
[EventRounds "3"]
[EventCountry "USA"]
[SourceTitle "EXT 2009"]
[Source "ChessBase"]
[SourceDate "2008.11.26"]
[SourceVersion "1"]
[SourceVersionDate "2008.11.26"]
[SourceQuality "1"]

1. d4 c5 2. d5 e5 3. c4 d6 4. Nc3 f5 5. e4 Nf6 6. Bd3 g6 7. Nf3 Bg7 8. 0-0 0-0 9. a3 a6 10. b4 b6 11. Qc2 f4 12. Rb1 h6 13. bxc5 bxc5 14. Rd1 g5 15. Bf1 g4 16. Ne1 Nh7 17. Qd3 Qh4 18. Rb6 Rf6 19. Ne2 Nd7 20. Rb3 Ndf8 21. Bd2 f3 22. g3 fxe2 23. Bxe2 Qh5 24. Rdb1 Ng5 25. Bxg5 hxg5 26. Ng2 Rh6 27. h4 gxh4 28. gxh4 Ng6 29. Qg3 Nf4 30. Bd1 Qf7 31. Rb8 Rxb8 0-1